| 000 | 01498cam a2200409 a 4500 | ||
|---|---|---|---|
| 999 |
_c328469 _d328469 |
||
| 001 | 2057300 | ||
| 003 | Nust | ||
| 005 | 20170407125518.0 | ||
| 008 | 930420s1992 enk 000 1 eng | ||
| 010 | _a 93143129 | ||
| 020 |
_a9780141182490 _c£6.99 |
||
| 040 |
_aDLC _cDLC _dDLC |
||
| 043 | _ae-uk-en | ||
| 050 | 0 | 0 |
_aPR6045.O72 _bM7 1992b |
| 082 | 0 | 0 |
_a823.912 _bWOO |
| 100 | 1 |
_aWoolf, Virginia, _d1882-1941. |
|
| 245 | 1 | 0 |
_aMrs. Dalloway / _cVirginia Woolf ; |
| 250 | _aThe definitive collected edition | ||
| 260 |
_aLondon : _bThe Hogarth Press, _c1992. |
||
| 300 |
_a231 p. ; _c24 cm. |
||
| 490 | 1 | _aThe definitive collected edition of the novels of Virginia Woolf | |
| 650 | 0 |
_aTriangles (Interpersonal relations) _vFiction. |
|
| 650 | 0 |
_aMiddle-aged women _vFiction. |
|
| 650 | 0 |
_aSuicide victims _vFiction. |
|
| 650 | 0 |
_aMarried women _vFiction. |
|
| 650 | 0 |
_aFirst loves _vFiction. |
|
| 650 | 0 |
_aParties _vFiction. |
|
| 650 | 0 |
_aRegret _vFiction. |
|
| 651 | 0 |
_aLondon (England) _vFiction. |
|
| 655 | 7 |
_aPsychological fiction. _2lcsh |
|
| 655 | 7 |
_aDomestic fiction. _2lcsh |
|
| 700 | 1 | _aWright, G. Patton. | |
| 800 | 1 |
_aWoolf, Virginia, _d1882-1941. _tNovels. |
|
| 906 |
_a7 _bcbc _corignew _d3 _encip _f19 _gy-gencatlg |
||
| 942 |
_2ddc _cBK |
||